| 000 | 01994nam a2200649 i 4500 | ||
|---|---|---|---|
| 001 | 2868 | ||
| 003 | KOSZ 005 | ||
| 005 | 20240405062949.0 | ||
| 008 | 991116s1982 pl |000 0 pol | ||
| 015 | _aUWD 1982/8988 | ||
| 020 | _a8311068860 | ||
| 035 | _a991011916969705066 | ||
| 035 | _a(PL-WaBN)b13233233-48omnis_nlop | ||
| 035 | _ab13233233 | ||
| 035 | _a(OCoLC)830299783 | ||
| 035 | _a(PL)b0000001323323 | ||
| 035 | _a(EXLNZ-48OMNIS_NETWORK)9910404047705606 | ||
| 040 |
_aWA N _cWA N _dKOSZ 005/AR |
||
| 041 | 0 | _apol | |
| 044 | _apl | ||
| 046 | _k1982 | ||
| 080 | _a338.124 | ||
| 080 | _a(438) | ||
| 080 | _a339.9 | ||
| 080 | _a(100) | ||
| 080 | _a"19" | ||
| 080 | _a330 | ||
| 080 | _a330.84/.86 | ||
| 080 | _a330.342.14 | ||
| 100 | 1 |
_aGulczyński, Mariusz _d(1928- ) _eAutor |
|
| 245 | 1 | 0 |
_aBariera aspiracji / _cMariusz Gulczyński. |
| 260 |
_aWarszawa : _bWydawnictwo Ministerstwa Obrony Narodowej, _c1982. |
||
| 300 |
_a286, [2] strony ; _c20 cm. |
||
| 336 |
_aTekst _btxt _2rdacontent |
||
| 337 |
_aBez urządzenia pośredniczącego _bn _2rdamedia |
||
| 338 |
_aWolumin _bnc _2rdacarrier |
||
| 380 | _aKsiążki | ||
| 388 | _a1901-2000 | ||
| 388 | _a1945-1989 | ||
| 648 | 7 |
_a1901-2000 _2DBN |
|
| 648 | 7 |
_a1945-1989 _2DBN |
|
| 650 | 7 | _aUstrój polityczny | |
| 650 | 7 | _aKapitalizm | |
| 650 | 7 | _aEkonomia polityczna kapitalizmu | |
| 650 | 7 | _aSocjalizm | |
| 650 | 7 |
_aEkonomia polityczna socjalizmu _2DBN |
|
| 650 | 7 |
_aGospodarka _2DBN |
|
| 650 | 7 |
_aKryzys gospodarczy _2DBN |
|
| 650 | 7 |
_aBadania porównawcze _2DBN |
|
| 651 | _aPolska | ||
| 655 | _aOpracowanie | ||
| 658 | _aGospodarka, ekonomia, finanse | ||
| 710 |
_4pbl _aWydawnictwo Ministerstwa Obrony Narodowej |
||
| 856 |
_uhttp://koha.tu.koszalin.pl/cgi-bin/koha/opac-detail.pl?biblionumber=2868 _yKatalog online BPK |
||
| 942 |
_2UKD _cKS |
||
| 999 |
_c2868 _d2868 |
||